[Event "USA-ch U20"]
[Site "Saint Louis"]
[Date "2013.06.22"]
[Round "8"]
[White "Harmon Vellotti, Luke"]
[Black "Perez, Robert M"]
[Result "1-0"]
[WhiteElo "2340"]
[BlackElo "2359"]
[PlyCount "89"]
[EventDate "2013.06.13"]
[EventType "tourn"]
[EventRounds "9"]
[EventCountry "USA"]
[EventCategory "5"]
[SourceTitle "CBM 155 Extra"]
[Source "ChessBase"]
[SourceDate "2013.08.26"]
[SourceVersion "1"]
[SourceVersionDate "2013.08.26"]
[SourceQuality "1"]

1. e4 c5 2. Nf3 d6 3. d4 cxd4 4. Nxd4 Nf6 5. Nc3 a6 6. Be3 e6 7. g4 e5 8. Nf5 h5 9. Bg5 hxg4 10. Nd5 Nbd7 11. Bc4 Nb6 12. Bxf6 gxf6 13. Bb3 Be6 14. Nxb6 Qxb6 15. Qxg4 Qa5+ 16. Kf1 0-0-0 17. Rd1 Kb8 18. Qf3 Qb5+ 19. Qd3 Qc5 20. Bd5 Rc8 21. c3 Rd8 22. b4 Qc7 23. Rc1 Bh6 24. Rc2 Bg5 25. a4 Bd7 26. a5 Rc8 27. c4 Be6 28. h3 Bd7 29. Ke2 Bxf5 30. exf5 Rh4 31. Rd1 Rd4 32. Qb3 Qd7 33. Rxd4 exd4 34. Qd3 Qa4 35. Rb2 Bc1 36. Rb1 Bf4 37. Kf1 Be5 38. b5 axb5 39. Rxb5 Rc7 40. Kg2 Qa2 41. h4 Rd7 42. h5 Rd8 43. Rxb7+ Kc8 44. Qb3 Rg8+ 45. Kf3 1-0

[Event "USA-ch U20"]
[Site "Saint Louis"]
[Date "2013.06.14"]
[Round "1"]
[White "Shetty, Atulya"]
[Black "Perez, Robert M"]
[Result "1-0"]
[WhiteElo "2320"]
[BlackElo "2359"]
[PlyCount "63"]
[EventDate "2013.06.13"]
[EventType "tourn"]
[EventRounds "9"]
[EventCountry "USA"]
[EventCategory "5"]
[SourceTitle "CBM 155 Extra"]
[Source "ChessBase"]
[SourceDate "2013.08.26"]
[SourceVersion "1"]
[SourceVersionDate "2013.08.26"]
[SourceQuality "1"]

1. c4 b6 2. Nc3 Bb7 3. d4 e6 4. a3 f5 5. d5 Nf6 6. Bf4 Na6 7. Nf3 Bd6 8. Bxd6 cxd6 9. g3 exd5 10. cxd5 Nc7 11. Bg2 Ncxd5 12. Nxd5 Bxd5 13. 0-0 0-0 14. Qa4 Qe7 15. Rfd1 Bc6 16. Qb4 Rae8 17. e3 Ne4 18. Rd4 Kh8 19. Qe1 Qf7 20. Rad1 Rc8 21. Nd2 d5 22. Nb1 Bb7 23. Bxe4 fxe4 24. Nc3 Rc4 25. R4d2 Qf6 26. Qe2 Rfc8 27. Qh5 g6 28. Qg4 Qe6 29. Qg5 R4c5 30. Ne2 Kg7 31. Nf4 Qf6 32. Nh5+ 1-0

[Event "Wch U18"]
[Site "Maribor"]
[Date "2012.11.18"]
[Round "11.12"]
[White "Perez, Robert M"]
[Black "Bok, Benjamin"]
[Result "1-0"]
[WhiteElo "2355"]
[BlackElo "2537"]
[PlyCount "139"]
[EventDate "2012.11.08"]
[EventType "swiss"]
[EventRounds "11"]
[EventCountry "SLO"]
[SourceTitle "EXT 2013"]
[Source "ChessBase"]
[SourceDate "2012.11.22"]
[SourceVersion "1"]
[SourceVersionDate "2012.11.22"]
[SourceQuality "1"]

1. d4 Nf6 2. c4 g6 3. Nc3 d5 4. Nf3 Bg7 5. Qb3 dxc4 6. Qxc4 0-0 7. e4 Bg4 8. Be3 Nfd7 9. Rd1 Nb6 10. Qb3 Bxf3 11. gxf3 e6 12. d5 exd5 13. Nxd5 Nxd5 14. Rxd5 Qf6 15. Bd4 Qf4 16. Qe3 Qxe3+ 17. fxe3 Bxd4 18. Rxd4 Nc6 19. Rd2 Rfd8 20. Be2 Kf8 21. f4 a6 22. a3 Ke7 23. Rc2 f6 24. Kf2 Rd7 25. Rhc1 Kd8 26. Bg4 Re7 27. Kf3 Na7 28. h4 Nb5 29. h5 Nd6 30. hxg6 hxg6 31. Rh1 f5 32. exf5 gxf5 33. Rh8+ Re8 34. Rxe8+ Kxe8 35. Bh3 Kd7 36. Rc5 Rh8 37. Bxf5+ Nxf5 38. Rxf5 Rh2 39. b4 Ra2 40. Rd5+ Ke6 41. Rd3 b6 42. Rc3 Kd5 43. Rd3+ Kc4 44. Rd4+ Kb3 45. f5 c5 46. bxc5 bxc5 47. Rd3+ Kc4 48. Rd6 Rxa3 49. f6 Ra1 50. Ke2 Rh1 51. f7 Rh2+ 52. Kf3 Rh1 53. Kg2 Rh8 54. e4 Rf8 55. Rd7 Kb3 56. e5 c4 57. e6 c3 58. e7 Rxf7 59. e8Q Rxd7 60. Qxd7 c2 61. Qd2 Kb2 62. Qb4+ Kc1 63. Kf2 a5 64. Qa3+ Kd1 65. Qd3+ Kc1 66. Ke2 Kb2 67. Qb5+ Kc3 68. Qxa5+ Kb2 69. Qb4+ Ka2 70. Kd2 1-0

[Event "Wch U18"]
[Site "Maribor"]
[Date "2012.11.16"]
[Round "9.26"]
[White "Perez, Robert M"]
[Black "Hasenohr, Benedict"]
[Result "1-0"]
[WhiteElo "2355"]
[BlackElo "2196"]
[PlyCount "75"]
[EventDate "2012.11.08"]
[EventType "swiss"]
[EventRounds "11"]
[EventCountry "SLO"]
[SourceTitle "EXT 2013"]
[Source "ChessBase"]
[SourceDate "2012.11.22"]
[SourceVersion "1"]
[SourceVersionDate "2012.11.22"]
[SourceQuality "1"]

1. d4 d5 2. c4 c6 3. Nf3 Nf6 4. Nc3 dxc4 5. a4 Bf5 6. Ne5 Nbd7 7. Nxc4 Nb6 8. Ne5 a5 9. Bg5 g6 10. f3 Bg7 11. e4 Be6 12. Be3 0-0 13. Be2 Nfd7 14. Nxd7 Bxd7 15. Qb3 Rc8 16. 0-0 Kh8 17. f4 Rb8 18. Rfd1 Nc8 19. d5 Qe8 20. e5 e6 21. d6 f6 22. Bd4 fxe5 23. Bxe5 Rf5 24. Ne4 Bxe5 25. fxe5 Qd8 26. Qh3 Qb6+ 27. Kh1 Qxb2 28. Nf6 Rxf6 29. exf6 Qxf6 30. Ra3 Nb6 31. Rf3 Qg7 32. Qh4 g5 33. Qf2 Nxa4 34. Rf7 Qe5 35. Rxd7 Nc5 36. Rf7 Kg8 37. Rf1 Qxd6 38. Qf6 1-0

[Event "Wch U18"]
[Site "Maribor"]
[Date "2012.11.12"]
[Round "5.23"]
[White "Perez, Robert M"]
[Black "Patil, Pratik"]
[Result "1-0"]
[WhiteElo "2355"]
[BlackElo "2208"]
[PlyCount "67"]
[EventDate "2012.11.08"]
[EventType "swiss"]
[EventRounds "11"]
[EventCountry "SLO"]
[SourceTitle "EXT 2013"]
[Source "ChessBase"]
[SourceDate "2012.11.22"]
[SourceVersion "1"]
[SourceVersionDate "2012.11.22"]
[SourceQuality "1"]

1. Nf3 Nf6 2. c4 g6 3. Nc3 d5 4. d4 Bg7 5. Qb3 dxc4 6. Qxc4 0-0 7. e4 Nc6 8. Be2 Bg4 9. d5 Bxf3 10. gxf3 Na5 11. Qd3 c6 12. b4 cxd5 13. bxa5 dxe4 14. Qxd8 Raxd8 15. Bd2 Nd5 16. Rc1 exf3 17. Bxf3 Nb4 18. Ke2 Nd3 19. Rc2 Nb4 20. Rcc1 Nd3 21. Rb1 Nxf2 22. Rhf1 Nd3 23. Rxb7 Ne5 24. Rxa7 Nc4 25. Be1 Ne3 26. Kxe3 Bd4+ 27. Ke2 Bxa7 28. Nb5 Bc5 29. a6 e5 30. Bc6 f5 31. Ba5 Rc8 32. Bb7 Bd4 33. Bxc8 Rxc8 34. Nxd4 1-0

[Event "Wch U18"]
[Site "Maribor"]
[Date "2012.11.11"]
[Round "4.18"]
[White "Bernotas, Arturs"]
[Black "Perez, Robert M"]
[Result "1-0"]
[WhiteElo "2261"]
[BlackElo "2355"]
[PlyCount "59"]
[EventDate "2012.11.08"]
[EventType "swiss"]
[EventRounds "11"]
[EventCountry "SLO"]
[SourceTitle "EXT 2013"]
[Source "ChessBase"]
[SourceDate "2012.11.22"]
[SourceVersion "1"]
[SourceVersionDate "2012.11.22"]
[SourceQuality "1"]

1. e4 c5 2. Nf3 d6 3. Bb5+ Nc6 4. Bxc6+ bxc6 5. 0-0 e5 6. c3 g5 7. d4 g4 8. Ne1 Ba6 9. Nd3 cxd4 10. cxd4 exd4 11. Re1 Bxd3 12. Qxd3 Bg7 13. Qg3 h5 14. Bf4 Be5 15. Bxe5 Qa5 16. Nd2 Qxe5 17. Qd3 Ne7 18. Nc4 Qf6 19. e5 dxe5 20. Rxe5 0-0 21. Rxh5 Qg7 22. h4 gxh3 23. Rxh3 Ng6 24. Rg3 Qf6 25. f4 Qxf4 26. Rf1 Qc7 27. Rf6 Kh8 28. Qxd4 Kg8 29. Qg4 Kh8 30. Qh5+ 1-0